00669nam a2200229 a 450000500170000000800410001701000140005802000260007203500130009803700150011104000180012608200140014410000290015824500880018725000120027526000360028730000300032350000200035365000210037365000240039465000210041820070625182249.0060912s2007 nyua b 001 0 eng  aENG-91979 a9788120336360c375.00 aEN-75512 bDBAD / PUB adplbEnglish  a658.15244 aBhattacharya, Hrishikes  aWorking capital management:bstrategies and techniques /cby Hrishikes Bhattacharya a2nd ed  aNew Delhi bPHI Learning c2008 axix, 508p. c23 cm (pbk)  aIncludes index. aWorking capital. aCreditxManagement. aCash management.